La formación general y humanística en la Universidad de Costa Rica

Guardat en:
Dades bibliogràfiques
Autor principal: Aguilar Hernández, Marielos
Format: Text
Publicat: San José :
Matèries:
Etiquetes: Afegir etiqueta
Sense etiquetes, Sigues el primer a etiquetar aquest registre!

MARC

LEADER 00000 a a2200000 04500
001 18837
003
040 |a CRAI/IIS  |c CRAI/IIS 
090 |a 144517  
100 |a Aguilar Hernández, Marielos  
245 |a La formación general y humanística en la Universidad de Costa Rica  
260 |a San José :  
300 |a 24 p.  
650 |a EDUCACION PUBLICA  
650 |a ENSEÑANZA SUPERIOR  
650 |a EDUCACION GENERAL  
650 |a UNIVERSIDAD DE COSTA RICA  
650 |a UNIVERSIDADES  
650 |a INSTITUCIONES DE ENSEÑANZA SUPERIOR  
999 |c 5493  |d 5493